000
00297nam a22001337a 4500
008
171005b xxu||||| |||| 00| 0 eng d
020
_a
9781429230438
041
_a
eng
080
_a
159.9
100
_a
48
101
_a
PSI
245
_a
PSYCHOLOGY AND THE REAL WORLD
_c
ANN, M
942
_2
udc
_c
BK
999
_c
31830
_d
31830